Elementos épico-líricos en el poema quetzacoalt del escritor costarricense José Basileo Acuña

Salvato in:
Dettagli Bibliografici
Autore principale: Batista González, María Cecilia
Natura: Libro
Lingua:Undetermined
Pubblicazione: San José, Costa Rica Escuela de Filología, Literatura y Lingüística,Universidad de Costa Rica 1979
Soggetti:
Tags: Aggiungi Tag
Nessun Tag, puoi essere il primo ad aggiungerne!!

MARC

LEADER 00000nam a2200000Ia 4500
008 170316s9999 xx 000 0 und d
040 |a cru BVZT 
090 |a Tesis 101 
100 |a Batista González, María Cecilia 
245 |a Elementos épico-líricos en el poema quetzacoalt del escritor costarricense José Basileo Acuña 
260 |a San José, Costa Rica 
260 |b Escuela de Filología, Literatura y Lingüística,Universidad de Costa Rica 
260 |c 1979 
300 |a 119 páginas 
650 |a LICENCIATURA EN FILOLOGÍA ESPAÑOLA 
650 |a TRABAJO FINAL DE GRADUACIÓN 
999 |c 13702  |d 13702 
942 |c TFG  |h Tesis 101  |2 z